000 00303nam a2200133Ia 4500
005 20251222155132.0
008 251222s9999||||xx |||||||||||||| ||spa||
082 _aEMI.32/Ej.2
100 _aMinisterio de Salud
245 0 _aLactancia Materna
250 _a1ra. ed.
264 _bUNICEF
942 _cLIB
999 _c38868
_d38868